Largest Non-Capital City by Asian Country - Statistics

General Stats
  • This quiz has been taken 110 times
    86 since last reset
  • The average score is 18 of 47
Answers on the Map
Answers color-coded by a green-red scale on the quiz's map according to % correct below.
 
Answer Stats
Country City Population % Correct
China Shanghai 24,500,000
96%
Turkey Istanbul 14,025,646
94%
India Mumbai 12,442,373
94%
Pakistan Karachi 24,300,000
87%
Kazakhstan Almaty 1,703,481
86%
United Arab Emirates Dubai 1,137,347
86%
Israel Tel Aviv 432,900
86%
Vietnam Ho Chi Minh City 3,467,331
81%
Syria Aleppo 2,132,100
78%
South Korea Busan 3,414,950
78%
Saudi Arabia Jeddah 3,456,259
78%
Myanmar Yangon 5,209,541
70%
Bangladesh Chittagong 3,920,222
67%
Sri Lanka Colombo 752,993
64%
Japan Yokohama 3,574,443
62%
Indonesia Surabaya 2,843,144
59%
Yemen Aden 760,923
51%
Philippines Cebu City 2,849,213
51%
Iran Mashhad 2,749,374
46%
Iraq Basra 2,300,125
45%
Malaysia Georgetown 708,127
36%
Afghanistan Kandahar 491,500
36%
Taiwan Kaohsiung 2,778,332
36%
Kyrgyzstan Osh 208,520
35%
Cyprus Limassol 154,000
32%
North Korea Hamhung 768,551
19%
Nepal Pokhara 255 465
17%
Armenia Gyumri 117,700
13%
Turkmenistan Turkmenabat 279,765
12%
Maldives Addu City 31,999
10%
Georgia Kutaisi 197,000
10%
Jordan Zarqa 350,849
10%
Uzbekistan Namangan 432,456
9%
Azerbaijan Sumqayit 325,200
9%
Tajikistan Khujand 169,700
7%
Bahrain Riffa 111,000
7%
Brunei Kuala Belait 33,067
6%
Thailand Nonthaburi 270,609
6%
Laos Pakse 88,332
6%
Qatar Al Rayyan 444,55
4%
Kuwait Hawalli 164,212
4%
Lebanon Ra's Bayrut 1,251,739
4%
Oman Seeb 237,816
4%
Mongolia Darkhan 180,379
3%
Bhutan Phuntsholing 60,400
3%
Timor-Leste Same 25,000
3%
Cambodia Ta Khmau 195,895
0%
No matching quizzes found
Score Distribution
Percent of People with Each Score
Percentile by Number Answered
Your Score History
You have not taken this quiz since the last reset